• 首页
  • 本馆介绍
  • 公告通知
  • 最新文献
  • 馆藏检索
  • 电子资源
  • 读者导购
  • 参考咨询
  • 我的图书馆
  • 登录
  • 详细信息显示
  • 放入我的书架
  • 预约/预借图书
  • 作者相关作品
  • 分类相关作品
  • 丛书相关作品
  • 出版社相关作品

书目信息

  • 表格格式
  • 工作单格式
  • 卡片格式
题名:
Android物联网应用程序开发
    
 
作者: 焦战 , 王新强 主编
分册:  
出版信息: 北京   机械工业出版社  2016.05
页数: 251页
开本: 26cm
丛书名:
单 册:
中图分类: TN929.53 , TP393.409
科图分类:
主题词: 移动终端--应用程序--程序设计--职业教育--教材 , 互联网络--应用--职业教育--教材
电子资源:
ISBN: 978-7-111-53798-4
000 01099nam0 2200277 450
001 1425
005 20180928101755.72
010    @a978-7-111-53798-4@dCNY43.00
100    @a20161213d2016 em y0chiy50 ea
101 0  @achi
102    @aCN@b110000
105    @aa z 000yy
200 1  @aAndroid物联网应用程序开发@9Android wu lian wang ying yong cheng xu kai fa@f焦战,王新强主编
210    @a北京@c机械工业出版社@d2016.05
215    @a251页@c图@d26cm
300    @a职业教育物联网应用技术专业“十三五”规划教材
330    @a本书以全国职业院校技能大赛物联网应用技术赛项智慧城市项目为依托,以Android技术知识体系为依据,将项目拆分细化为教学项目展现给读者,让读者学习国赛智慧城市项目中的Android应用程序开发的系统知识。书中共分一个岗前准备、八个项目单元、一个拓展单元。
606 0  @a移动终端@x应用程序@x程序设计@x职业教育@j教材
606 0  @a互联网络@x应用@x职业教育@j教材
610 0  @aAndroid
690    @aTN929.53@v5
690    @aTP393.409@v5
701  0 @a焦战@9jiao zhan@4主编
701  0 @a王新强@9wang xin qiang@4主编
801  0 @aCN@b91MARC@c20161213
905    @aMuseLib@dTN929.53@e265
    
    Android物联网应用程序开发/焦战,王新强主编.-北京:机械工业出版社,2016.05
    251页:图;26cm
    职业教育物联网应用技术专业“十三五”规划教材
    
    ISBN 978-7-111-53798-4:CNY43.00
    本书以全国职业院校技能大赛物联网应用技术赛项智慧城市项目为依托,以Android技术知识体系为依据,将项目拆分细化为教学项目展现给读者,让读者学习国赛智慧城市项目中的Android应用程序开发的系统知识。书中共分一个岗前准备、八个项目单元、一个拓展单元。
●
相关链接 在E读中查询图书 在五车中查询图书 在当当中查询图书 在豆瓣中查询图书


正题名:Android物联网应用程序开发     索取号:TN929.53/265         预约/预借

序号 登录号 条形码 馆藏地/架位号 状态 备注
1 1122614   211226145   第二样本阅览室/ [索取号:TN929.53/265] 在馆    
2 1122615   211226154   第三借阅区/ [索取号:TN929.53/265] 在馆    
3 1122616   211226163   第三借阅区/ [索取号:TN929.53/265] 在馆    
4 1122617   211226172   第三借阅区/ [索取号:TN929.53/265] 在馆    
唐山师范学院图书馆 欢迎您!
大连网信软件有限公司© 版权所有